| 000 | 00656nam a2200241Ia 4500 | ||
|---|---|---|---|
| 003 | OSt | ||
| 005 | 20220918163210.0 | ||
| 006 | a|||||r|||| 00| 0 | ||
| 007 | ta | ||
| 008 | 220917b |||||||| |||| 00| 0 eng d | ||
| 020 | _a0 236 17628 5 | ||
| 024 | _a31,344 | ||
| 037 | _cTextual | ||
| 040 |
_aARTS _cARTS _beng |
||
| 041 |
_2eng _aeng |
||
| 082 | _aO111,6M74:g, L4 | ||
| 100 |
_aSullivan John ed _911959 |
||
| 245 | 0 |
_aG K Chesterton _b A centenary apperaisel |
|
| 260 |
_aLondon _bpoaul Elek UK _c1974 |
||
| 650 | _aENGLISH LITERATURE | ||
| 942 |
_hO111,6M74:g, L4 _cTEXL _2CC |
||
| 999 |
_c118404 _d118404 |
||